| 000 | 01828nam a22003134a 4500 | ||
|---|---|---|---|
| 001 | ebr10096064 | ||
| 003 | CaPaEBR | ||
| 006 | m u | ||
| 007 | cr cn||||||||| | ||
| 008 | 040616s2004 ilu sf 001 0 eng | ||
| 010 | _z 2004013895 | ||
| 020 | _z1572483830 (pbk. : alk. paper) | ||
| 040 |
_aCaPaEBR _cCaPaEBR |
||
| 035 | _a(OCoLC)56930371 | ||
| 050 | 1 | 4 |
_aHG8061 _b.Z48 2004eb |
| 082 | 0 | 4 |
_a368 _222 |
| 100 | 1 |
_aZevnik, Richard Wm. _q(Richard William) |
|
| 245 | 1 | 4 |
_aThe complete book of insurance _h[electronic resource] : _bunderstand the coverage you really need / _cby Richard Wm. Zevnik. |
| 250 | _a1st ed. | ||
| 260 |
_aNaperville, Ill. : _bSphinx Pub., _c2004. |
||
| 300 | _axiii, 272 p. | ||
| 500 | _aIncludes index. | ||
| 505 | 0 | _aThe role of insurance in the economy -- The structure of the business of insurance -- The marketing and selling of insurance -- Insuring other interests -- Homeowners insurance -- Loss of use and additional coverages -- Exclusions -- Conditions -- Liability coverages -- Liability coverage exclusions -- Liability coverages conditions -- Choosing liability limits -- Personal automobile policies -- Auto liability coverage exclusions -- Medical payments coverage -- Medical payments coverage -- Uninsured & underinsured motorists coverage -- Physical loss or damage coverage provisions -- Life, credit life, disability, and health coverages. | |
| 533 |
_aElectronic reproduction. _bPalo Alto, Calif. : _cebrary, _d2013. _nAvailable via World Wide Web. _nAccess may be limited to ebrary affiliated libraries. |
||
| 650 | 0 |
_aInsurance _vHandbooks, manuals, etc. |
|
| 655 | 7 |
_aElectronic books. _2local |
|
| 710 | 2 | _aebrary, Inc. | |
| 856 | 4 | 0 |
_uhttp://site.ebrary.com/lib/rucke/Doc?id=10096064 _zAn electronic book accessible through the World Wide Web; click to view |
| 999 |
_c98042 _d98042 |
||